Największe miasta nad morzem bałtyckim - Statystyki

Ogólne statystyki
  • Ten quiz został rozwiązany 48 razy
  • Średni wynik to 14 z 20
Statystyki odpowiedzi
Państwo Miasto Populacja % Poprawnych
Polska Gdańsk 488 651
100%
Dania Kopenhaga 653 664
98%
Polska Gdynia 240 554
96%
Finlandia Helsinki 664 028
96%
Rosja Petersburg 5 384 342
96%
Łotwa Ryga 605 802
96%
Szwecja Sztokholm 988 943
96%
Litwa Kłajpeda 172 272
80%
Szwecja Malmö 325 069
80%
Szwecja Göteborg 607 882
76%
Finlandia Turku ~197 900
65%
Rosja Królewiec 493 256
61%
Niemcy Rostock 208 886
61%
Niemcy Kilonia 246 243
50%
Dania Aarhus 290 598
48%
Dania Odense 182 387
48%
Finlandia Oulu 211 848
48%
Dania Aalborg 120 914
41%
Niemcy Lubeka 216 530
39%
Finlandia Espoo 305 274
26%
Nie znaleziono quizów pasujących do podanych kryteriów
Rozkład punktacji
Procent ludzi z każdym wynikiem
Percentyl według liczby udzielonych odpowiedzi
Twoja historia wyników
Nie rozwiązałeś tego quizu